zpět

Detail výsledku týmu

D9vítka, Šumperk

Datum a čas kvízu

30.5 Celkem bodů Celkový počet nahraných bodů na tomto kvízu bez doplňovacích otázek.
10. Pořadí na kvízu Konečné umístění týmu na tomto kvízu.

Zaznamenané odpovědi

# Otázka Odpověď Body Výsledky
1. Který politik obdržel minulý t... Tomio Okamura 1
2. Premiérem které země se stal R... Nizozemska 0
3. Představitel kapitána Kirka ze... D) heavy metal 1
4. V pátek byla oznámena fúze dvo... Paramount (Skydance), Warner Bros. (Discovery) 0.5
5. Ze kterých měst pocházejí týmy... Mladá Boleslav, Praha 0.5
6. Název „Pyrenejský poloostrov“... Iberský poloostrov 0
7. Vyberte správné tvrzení týkají... A 0
8. Níže vidíte na mapě jisté auto... Andalusie, Sevilla 0.5
9. Jak se jmenuje portugalský mys... C 1
10. Hledáme název ikonické stavby... Belémská věž 0